Global climate change and extreme werther events (Record no. 133266)
[ view plain ]
| 000 -LEADER | |
|---|---|
| fixed length control field | 00778nam a2200241Ia 4500 |
| 003 - CONTROL NUMBER IDENTIFIER | |
| control field | OSt |
| 005 - DATE AND TIME OF LATEST TRANSACTION | |
| control field | 20220918170244.0 |
| 008 - FIXED-LENGTH DATA ELEMENTS--GENERAL INFORMATION | |
| fixed length control field | 220917b |||||||| |||| 00| 0 eng d |
| 020 ## - INTERNATIONAL STANDARD BOOK NUMBER | |
| International Standard Book Number | 978=309124027 (pbk) |
| 037 ## - SOURCE OF ACQUISITION | |
| Terms of availability | Textual |
| 040 ## - CATALOGING SOURCE | |
| Original cataloging agency | ARTS |
| Transcribing agency | ARTS |
| Language of cataloging | eng |
| 041 ## - LANGUAGE CODE | |
| Source of code | eng |
| Language code of text/sound track or separate title | eng |
| 245 #0 - TITLE STATEMENT | |
| Title | Global climate change and extreme werther events |
| Remainder of title | Understanding the contributions to infectious disease emergence |
| 260 ## - PUBLICATION, DISTRIBUTION, ETC. | |
| Place of publication, distribution, etc. | Washington |
| Name of publisher, distributor, etc. | The National Academies Press U.S.A |
| Date of publication, distribution, etc. | 2008 |
| 300 ## - PHYSICAL DESCRIPTION | |
| Extent | xxi, 279p. |
| Dimensions | cm. |
| 650 ## - SUBJECT ADDED ENTRY--TOPICAL TERM | |
| Topical term or geographic name entry element | GEOGRAPHY |
| 942 ## - ADDED ENTRY ELEMENTS (KOHA) | |
| Classification part | U287, P8 |
| Koha item type | Textual |
| Source of classification or shelving scheme | Colon Classification (CC) |
| Withdrawn status | Lost status | Damaged status | Not for loan | Home library | Current library | Date acquired | Source of acquisition | Cost, normal purchase price | Total Checkouts | Full call number | Barcode | Date last seen | Cost, replacement price | Price effective from | Koha item type |
|---|---|---|---|---|---|---|---|---|---|---|---|---|---|---|---|
| Arts Library | Arts Library | 2022-09-18 | 273, 23/12/2009, Kilaso Books | 2930.73 | U287 P8 | AL1294903 | 2022-09-18 | 2930.73 | 2022-09-18 | Textual |
